000 01787nam a22002297a 4500
005 20250217112522.0
010 _aHIN-126540 HIN-126567 HIN-126540
020 _c3000.00
_a9789385803031 (खंड 1.1.22)
020 _a97899385803796 (खंड 1.1.29)
035 _aHN-98886
035 _aHN-98913
037 _bDBAD/PUB
082 _a011.31
245 _aकैलाश श्रुतसागर ग्रन्थसूची /
_cसंपादक संजय कुमार झा [et.al]
250 _aप्रथम
260 _aगांधीनगर
_bश्री महावीर जैन आराधना केंद्र
_c2017
300 _a596पृ.;
_c29 सेमी (सजिल्द)
490 _vखंड 1.1.22
500 _aसंपादक मंडल झा,रामप्रकाश पढियार, गजेन्द्र जैन ,नवीनभाई वी. झा, अरुण कुमार उत्तम सिंह पंड्या, भाविन त्रिवेदी, राहुल भट्ट, अश्विन हेमंत कुमार(संयोजक) परबत ठाकोर संजय गुर्जर (संपादन सहयोग ) केतन डी शाह (कंप्यूटर प्रोग्रामिंग)
710 _aझा,रामप्रकाश पढियार, गजेन्द्र जैन ,नवीनभाई वी. झा, अरुण कुमार उत्तम सिंह पंड्या, भाविन त्रिवेदी, राहुल भट्ट, अश्विन
_eसंपादक
_959840
942 _2ddc
_cHN
_mकैलास
_h011.31
999 _c199638
_d199638